[Event "DVM U12w 2022"]
[Site "Berlin GER"]
[Date "2022.12.28"]
[Round "5"]
[White "Makarova, Alexia"]
[Black "Bacakova, Klara"]
[Result "1/2-1/2"]
[Termination "normal"]
[Board "8.3"]
[WhiteElo "876"]
[BlackElo "1205"]
[WhiteTeam "SV Heiden 62 e. V."]
[BlackTeam "Schachgemeinschaft Leipzig"]
[PlyCount "64"]
[WhiteFideId "34619682"]
[BlackFideId "34605762"]
[EventCountry "GER"]
[EventRounds "7"]
[EventType "team-swiss"]
[EventDate "2022.12.26"]

1. e4 c5 2. d4 cxd4 3. Qxd4 Nc6 4. Qd1 a6 5. Nc3 d6 6. Nf3 e6 7. Bd3 Nf6 8. Be3
Be7 9. O-O O-O 10. Nd4 Bd7 11. Qf3 Nxd4 12. Bxd4 e5 13. Be3 Bc6 14. Qg3 Kh8 15.
Be2 Nxe4 16. Nxe4 Bxe4 17. Bd3 Bxd3 18. cxd3 Rg8 19. Rac1 Rc8 20. Qh3 Rxc1 21.
Rxc1 Bg5 22. Bxg5 Qxg5 23. Qe3 Qe7 24. Qh3 Qd8 25. Qf3 Qd7 26. h3 Re8 27. Qg4
f5 28. Qc4 e4 29. dxe4 fxe4 30. Re1 d5 31. Qc5 Qc6 32. Rc1 Qd7 1/2-1/2

[Event "DVM U12w 2022"]
[Site "Berlin GER"]
[Date "2022.12.28"]
[Round "5"]
[White "Wu, Zixuan Anja"]
[Black "Meis, Jette"]
[Result "1/2-1/2"]
[Termination "normal"]
[Board "8.4"]
[WhiteElo "934"]
[BlackElo "764"]
[WhiteTeam "Schachgemeinschaft Leipzig"]
[BlackTeam "SV Heiden 62 e. V."]
[PlyCount "65"]
[WhiteFideId "34639934"]
[BlackFideId "34639799"]
[EventCountry "GER"]
[EventRounds "7"]
[EventType "team-swiss"]
[EventDate "2022.12.26"]

1. e4 e5 2. Nf3 Nc6 3. Bc4 Bc5 4. Nc3 d6 5. h3 Nf6 6. O-O O-O 7. d3 Re8 8. Bg5
h6 9. Bh4 Be6 10. Nd5 Bxd5 11. Bxd5 Rb8 12. c3 a6 13. d4 exd4 14. cxd4 Bb6 15.
Re1 Ba5 16. Re3 Nb4 17. Qb3 Nbxd5 18. exd5 Rxe3 19. Qxe3 Qe8 20. Qxe8 Nxe8 21.
Rb1 c6 22. b4 Bb6 23. dxc6 bxc6 24. a4 Bd8 25. Bxd8 Rxd8 26. b5 cxb5 27. axb5
Rb8 28. Nd2 axb5 29. Kf1 Nf6 30. Ke2 d5 31. f3 Kf8 32. Kd3 b4 33. Kc2 1/2-1/2

[Event "DVM U12w 2022"]
[Site "Berlin GER"]
[Date "2022.12.28"]
[Round "5"]
[White "Martin, Helene"]
[Black "Mersmann, Jasmin"]
[Result "1/2-1/2"]
[Termination "normal"]
[Board "9.1"]
[WhiteElo "1059"]
[BlackElo "1187"]
[WhiteTeam "Schachklub König Plauen"]
[BlackTeam "Karlsruher SF 1853"]
[PlyCount "50"]
[WhiteFideId "34639780"]
[BlackFideId "34630287"]
[EventCountry "GER"]
[EventRounds "7"]
[EventType "team-swiss"]
[EventDate "2022.12.26"]

1. e4 e5 2. Nf3 Nc6 3. Bc4 Bc5 4. c3 Nf6 5. d3 h6 6. Be3 Bb6 7. Nbd2 d6 8. b4
Bg4 9. Qb3 O-O 10. O-O Qe7 11. Rfe1 a5 12. b5 a4 13. Qc2 Nd8 14. Nh4 Ne6 15. h3
Nh7 16. Nf5 Bxf5 17. exf5 Nc5 18. d4 Nd7 19. Ne4 Nhf6 20. Nxf6 Nxf6 21. Rad1
Rfe8 22. g4 Nd7 23. Qd2 Ba5 24. g5 exd4 25. Bxd4 Qxg5 1/2-1/2

[Event "DVM U12w 2022"]
[Site "Berlin GER"]
[Date "2022.12.28"]
[Round "5"]
[White "Xiao, Karoline"]
[Black "Ploss, Aliya"]
[Result "1-0"]
[Termination "normal"]
[Board "9.2"]
[WhiteElo "990"]
[BlackElo "950"]
[WhiteTeam "Karlsruher SF 1853"]
[BlackTeam "Schachklub König Plauen"]
[PlyCount "53"]
[WhiteFideId "16282230"]
[BlackFideId "34622357"]
[EventCountry "GER"]
[EventRounds "7"]
[EventType "team-swiss"]
[EventDate "2022.12.26"]

1. d4 Nf6 2. Bf4 e6 3. e3 Nc6 4. c3 d6 5. Nf3 Be7 6. Bd3 O-O 7. O-O Nh5 8. Bg3
Nxg3 9. fxg3 f6 10. Nbd2 d5 11. Qe2 e5 12. dxe5 fxe5 13. e4 Rf6 14. exd5 Bc5
15. Kh1 Qxd5 16. Bc4 Qxc4 17. Qxc4 Be6 18. Qxc5 h6 19. Nxe5 Rxf1 20. Rxf1 Nxe5
21. Qxe5 Bxa2 22. h4 c6 23. Rf4 Rd8 24. Rg4 Rd7 25. Qe8 Kh7 26. Qxd7 Kh8 27.
Qxg7# 1-0

[Event "DVM U12w 2022"]
[Site "Berlin GER"]
[Date "2022.12.28"]
[Round "5"]
[White "Winkler, Frida"]
[Black "Khachaturyan, Viktoria"]
[Result "1-0"]
[Termination "normal"]
[Board "9.3"]
[WhiteElo "1133"]
[BlackElo "874"]
[WhiteTeam "Schachklub König Plauen"]
[BlackTeam "Karlsruher SF 1853"]
[PlyCount "65"]
[WhiteFideId "34622322"]
[BlackFideId "16258150"]
[EventCountry "GER"]
[EventRounds "7"]
[EventType "team-swiss"]
[EventDate "2022.12.26"]

1. e4 e5 2. Nf3 Nc6 3. Bc4 Be7 4. O-O Nf6 5. d3 O-O 6. c3 d5 7. exd5 Nxd5 8.
Nbd2 Nf4 9. Ne4 Bg4 10. h3 Bh5 11. Bxf4 exf4 12. d4 Bd6 13. Qd3 Bxf3 14. Qxf3
Re8 15. Rfe1 Kh8 16. Bxf7 Re7 17. Bc4 Qd7 18. Bd3 Bc5 19. Nxc5 Qd6 20. Qh5 Rxe1
21. Rxe1 g6 22. Qf3 b6 23. Re6 Qf8 24. Qxc6 bxc5 25. Qxc7 Re8 26. Qe5 Kg8 27.
Rxe8 Qxe8 28. Qxe8 Kg7 29. dxc5 Kh6 30. c6 Kh5 31. c7 Kh6 32. c8=Q Kg7 33. Qf8#
1-0

[Event "DVM U12w 2022"]
[Site "Berlin GER"]
[Date "2022.12.28"]
[Round "5"]
[White "Du, Melina"]
[Black "Wieckowicz, Bui Ha My"]
[Result "1-0"]
[Termination "normal"]
[Board "9.4"]
[WhiteElo "793"]
[BlackElo "765"]
[WhiteTeam "Karlsruher SF 1853"]
[BlackTeam "Schachklub König Plauen"]
[PlyCount "107"]
[WhiteFideId "34639659"]
[BlackFideId "34639918"]
[EventCountry "GER"]
[EventRounds "7"]
[EventType "team-swiss"]
[EventDate "2022.12.26"]

1. e4 c5 2. Nf3 Nc6 3. Nc3 Nf6 4. Bb5 a6 5. Ba4 d6 6. d3 e6 7. Bg5 Be7 8. O-O
O-O 9. d4 cxd4 10. Nxd4 Na7 11. Re1 b5 12. Bb3 b4 13. Na4 Bb7 14. e5 Ne4 15.
Bxe7 Qxe7 16. Nb6 Rad8 17. Qg4 Nc5 18. Bc4 Rfe8 19. Re2 dxe5 20. Rxe5 Rd6 21.
Bb3 Nc8 22. c3 Nxb6 23. Bc2 Nd5 24. Qh3 h6 25. Nf5 Nf4 26. Qg4 Nxg2 27. Nxe7
Rxe7 28. Rxc5 Red7 29. cxb4 Bc6 30. Ba4 Bxa4 31. Kxg2 Bc6 32. Kg1 g6 33. Rac1
f5 34. Qg3 g5 35. Qb3 f4 36. Rd1 Rd5 37. Rcxd5 exd5 38. f3 h5 39. Re1 Rd6 40.
Re5 Rd8 41. Rxg5 Kf8 42. Rxh5 d4 43. Rf5 Ke7 44. Rf7 Kd6 45. Rf6 Kc7 46. Qf7
Kb6 47. Qe7 Rc8 48. Qc5 Kb7 49. Rf7 Rc7 50. Rxc7 Kxc7 51. Qxd4 Bxf3 52. Qc3 Bc6
53. h3 f3 54. h4 1-0